00324nam a2200133Ia 4500008004100000020001500041041001200056100001200068245005300080250000800133260002500141300000800166650001600174221030s9999 xx 000 0 und d a8120324459 aEnglish aR. Mall 0aFundamentals of Software Engineeringcby R. Mall a2nd bPHIaNew Delhic2007 a336 aBB Computer